000 00377nam a2200145Ia 4500
005 20251222153606.0
008 251222s9999||||xx |||||||||||||| ||spa||
020 _a9972424677
082 _a346.09/R24
100 _aRamos Nuñez, Carlos
245 0 _aHistoria del Derecho Civil Peruano Siglos XIX y XX:
250 _a1ra.ed.
264 _bFondo Editorial PUPC
942 _cLIB
999 _c31438
_d31438